| 000 | 00785nam a22002411u 4500 | ||
|---|---|---|---|
| 001 | 14333 | ||
| 003 | HDC | ||
| 007 | cr bn ---aaaaa | ||
| 008 | 210214p9999 o d 00 engg | ||
| 040 | _aHDC | ||
| 245 | 0 | _aHELP STOP ON-FARM LEAD POISONING | |
| 260 |
_a[No Place] : _b[publisher not identified], _c[no year] |
||
| 300 |
_a6 pages : _billustrations |
||
| 336 |
_atext _2rdacontent |
||
| 337 |
_acomputer _2rdamedia |
||
| 338 |
_aonline resource _2rdacarrier |
||
| 650 |
_aanimal deaths _914907 |
||
| 650 |
_alead poisoning _914906 |
||
| 856 | _zRequest full-text at [email protected] | ||
| 942 | _2lcc | ||
| 942 | _cSLIDE | ||
| 942 | _kSLID 000775 | ||
| 999 |
_c11649 _d11649 |
||